00435nam a2200121Ia 4500008004100000245006300041245004700104260000900151650001300160856004800173999001900221952007300240171211s9999 xx 000 0 und d aIn Africa's Forest and Jungle: Six Years Among the Yorubas c:Betty Finklea Florey, Richard Henry Stone c2009 xRELIGION uhttp://down.ebook777.com/064/0817355677.pdf c350544d350544 001040aCLbCLd2017-12-11l0r2017-12-11 00:00:00w2017-12-11yCBE